Zur Theorie der Symmetralfunctionen
| Titel: | Zur Theorie der Symmetralfunctionen / F. Schottky |
|---|---|
| Verfasser: | |
| Veröffentlicht: | Berlin : Berlin-Brandenburgische Akademie der Wissenschaften, 2025 |
| Umfang: | 1 Online-Ressource |
| Format: | E-Book |
| Sprache: | Deutsch |
X
alg: 52837994 001A $06000:29-03-25 001B $01999:29-03-25 $t23:41:52.000 001D $06000:29-03-25 001U $0utf8 001X $00 002@ $0Oax 002C $aText $btxt $2rdacontent 002D $aComputermedien $bc $2rdamedia 002E $aOnline-Ressource $bcr $2rdacarrier 003@ $0528379941 004U $0urn:nbn:de:kobv:b4-opus4-47291 006G $01355902681 006U $025,O03 $f20250211 007A $01355902681 $aDNB 009Q $uhttps://nbn-resolving.org/urn:nbn:de:kobv:b4-opus4-47291 $xR 009Q $qapplication/pdf $S0 $uhttps://edoc.bbaw.de/frontdoor/index/index/docId/4729 $xH 010@ $ager 011@ $a2025 $n2025 021A $aZur Theorie der Symmetralfunctionen $hF. Schottky 028A $aSchottky $BVerfasser $dF. $4aut 033A $pBerlin $nBerlin-Brandenburgische Akademie der Wissenschaften 034D $a1 Online-Ressource 037A $aIn: Sitzungsberichte der Königlich Preußischen Akademie der Wissenschaften zu Berlin : Jahrgang 1908 ; Zweiter Halbband Juli bis December, S. 838-850 044K $qDNB $RPraxis $#Theory (Philosophy) $#Théorie (philosophie) $#Theorie $#Theorie $emaschinell gebildet $74059787-8 $8Theorie [Tsz] $9085166316 $k0,08755 045B $a515 $ADNB $e23kdnb $Emaschinell gebildet $K0,06754 045E $c510 046X $aArchivierung/Langzeitarchivierung gewährleistet $5DE-101 lok: 52837994 3 exp: 52837994 3 1 #EPN 201B/01 $029-03-25 $t23:41:52.916 201C/01 $029-03-25 201U/01 $0utf8 203@/01 $01295419963 208@/01 $a29-03-25 $bl 209S/01 $S0 $uhttps://edoc.bbaw.de/frontdoor/index/index/docId/4729 $XH lok: 52837994 5 exp: 52837994 5 1 #EPN 201B/01 $029-03-25 $t23:41:52.919 201C/01 $029-03-25 201U/01 $0utf8 203@/01 $01295419971 208@/01 $a29-03-25 $bl 209S/01 $S0 $uhttps://edoc.bbaw.de/frontdoor/index/index/docId/4729 $XH lok: 52837994 8 exp: 52837994 8 1 #EPN 201B/01 $029-03-25 $t23:41:52.922 201C/01 $029-03-25 201U/01 $0utf8 203@/01 $0129541998X 208@/01 $a29-03-25 $bl 209S/01 $S0 $uhttps://edoc.bbaw.de/frontdoor/index/index/docId/4729 $XH lok: 52837994 10 exp: 52837994 10 1 #EPN 201B/01 $029-03-25 $t23:41:52.934 201C/01 $029-03-25 201U/01 $0utf8 203@/01 $01295419998 208@/01 $a29-03-25 $bl 209S/01 $S0 $uhttps://edoc.bbaw.de/frontdoor/index/index/docId/4729 $XH lok: 52837994 11 exp: 52837994 11 1 #EPN 201B/01 $029-03-25 $t23:41:52.937 201C/01 $029-03-25 201U/01 $0utf8 203@/01 $01295420007 208@/01 $a29-03-25 $bl 209S/01 $S0 $uhttps://edoc.bbaw.de/frontdoor/index/index/docId/4729 $XH lok: 52837994 20 exp: 52837994 20 1 #EPN 201B/01 $029-03-25 $t23:41:52.939 201C/01 $029-03-25 201U/01 $0utf8 203@/01 $01295420015 208@/01 $a29-03-25 $bl 209S/01 $S0 $uhttps://edoc.bbaw.de/frontdoor/index/index/docId/4729 $XH lok: 52837994 21 exp: 52837994 21 1 #EPN 201B/01 $029-03-25 $t23:41:52.942 201C/01 $029-03-25 201U/01 $0utf8 203@/01 $01295420023 208@/01 $a29-03-25 $bl 209S/01 $S0 $uhttps://edoc.bbaw.de/frontdoor/index/index/docId/4729 $XH lok: 52837994 23 exp: 52837994 23 1 #EPN 201B/01 $029-03-25 $t23:41:52.944 201C/01 $029-03-25 201U/01 $0utf8 203@/01 $01295420031 208@/01 $a29-03-25 $bl 209S/01 $S0 $uhttps://edoc.bbaw.de/frontdoor/index/index/docId/4729 $XH lok: 52837994 25 exp: 52837994 25 1 #EPN 201B/01 $029-03-25 $t23:41:52.946 201C/01 $029-03-25 201U/01 $0utf8 203@/01 $0129542004X 208@/01 $a29-03-25 $bl 209S/01 $S0 $uhttps://edoc.bbaw.de/frontdoor/index/index/docId/4729 $XH lok: 52837994 108 exp: 52837994 108 1 #EPN 201B/01 $029-03-25 $t23:41:52.951 201C/01 $029-03-25 201U/01 $0utf8 203@/01 $01295420066 208@/01 $a29-03-25 $bl 209S/01 $S0 $uhttps://edoc.bbaw.de/frontdoor/index/index/docId/4729 $XH lok: 52837994 204 exp: 52837994 204 1 #EPN 201B/01 $029-03-25 $t23:41:52.953 201C/01 $029-03-25 201U/01 $0utf8 203@/01 $01295420074 208@/01 $a29-03-25 $bl 209S/01 $S0 $uhttps://edoc.bbaw.de/frontdoor/index/index/docId/4729 $XH lok: 52837994 205 exp: 52837994 205 1 #EPN 201B/01 $029-03-25 $t23:41:52.956 201C/01 $029-03-25 201U/01 $0utf8 203@/01 $01295420082 208@/01 $a29-03-25 $bl 209S/01 $S0 $uhttps://edoc.bbaw.de/frontdoor/index/index/docId/4729 $XH
| LEADER | 00000cam a22000002c 4500 | ||
|---|---|---|---|
| 001 | 528379941 | ||
| 003 | DE-603 | ||
| 005 | 20250329234152.0 | ||
| 007 | cr|||||||||||| | ||
| 008 | 250329s2025 xx |||| o| u00||u|ger | ||
| 015 | |a 25,O03 |2 dnb | ||
| 016 | 7 | |2 DE-101 |a 1355902681 | |
| 024 | 7 | |a urn:nbn:de:kobv:b4-opus4-47291 |2 urn | |
| 035 | |a (DE-599)DNB1355902681 | ||
| 040 | |a DE-603 |b ger |c DE-603 |d DE-603 | ||
| 041 | |a ger | ||
| 082 | 7 | |8 2\p |a 515 |2 23kdnb | |
| 084 | |a 510 |q DE-101 |2 sdnb | ||
| 100 | 1 | |a Schottky, F. |e Verfasser |4 aut | |
| 245 | 0 | 0 | |a Zur Theorie der Symmetralfunctionen |c F. Schottky |
| 264 | 1 | |a Berlin |b Berlin-Brandenburgische Akademie der Wissenschaften |c 2025 | |
| 300 | |a 1 Online-Ressource | ||
| 336 | |a Text |b txt |2 rdacontent | ||
| 337 | |a Computermedien |b c |2 rdamedia | ||
| 338 | |a Online-Ressource |b cr |2 rdacarrier | ||
| 500 | |a In: Sitzungsberichte der Königlich Preußischen Akademie der Wissenschaften zu Berlin : Jahrgang 1908 ; Zweiter Halbband Juli bis December, S. 838-850 | ||
| 650 | 7 | |8 1\p |a Theorie |0 (DE-588)4059787-8 |0 (DE-603)085166316 |2 gnd | |
| 856 | |u https://nbn-resolving.org/urn:nbn:de:kobv:b4-opus4-47291 |x Resolving-System | ||
| 856 | |q application/pdf |u https://edoc.bbaw.de/frontdoor/index/index/docId/4729 |x Verlag |z kostenfrei | ||
| 883 | 0 | |8 1\p |a maschinell gebildet |c 0,08755 |q DE-101 | |
| 883 | 0 | |8 2\p |a maschinell gebildet |c 0,06754 |q DE-101 | |
| 924 | 1 | |9 603 |a (DE-603)1295419963 |b DE-603 |c HES |d d | |
| 924 | 1 | |9 603 |a (DE-603)1295419971 |b DE-603 |c HES |d d | |
| 924 | 1 | |9 603 |a (DE-603)129541998X |b DE-603 |c HES |d d | |
| 924 | 1 | |9 603 |a (DE-603)1295419998 |b DE-603 |c HES |d d | |
| 924 | 1 | |9 603 |a (DE-603)1295420007 |b DE-603 |c HES |d d | |
| 924 | 1 | |9 603 |a (DE-603)1295420015 |b DE-603 |c HES |d d | |
| 924 | 1 | |9 603 |a (DE-603)1295420023 |b DE-603 |c HES |d d | |
| 924 | 1 | |9 603 |a (DE-603)1295420031 |b DE-603 |c HES |d d | |
| 924 | 1 | |9 603 |a (DE-603)129542004X |b DE-603 |c HES |d d | |
| 924 | 1 | |9 603 |a (DE-603)1295420066 |b DE-603 |c HES |d d | |
| 924 | 1 | |9 603 |a (DE-603)1295420074 |b DE-603 |c HES |d d | |
| 924 | 1 | |9 603 |a (DE-603)1295420082 |b DE-603 |c HES |d d | |